Statistics for Italian Region Shape Quiz

Click here to take the quiz!

General Stats

  • This quiz has been taken 13 times
  • The average score is 19 of 20

Answer Stats

Answer% Correct
Aosta Valley
100%
Emilia Romagna
100%
Lazio
100%
Lombardy
100%
Sardinia
100%
Sicily
100%
Apulia
92%
Basilicata
92%
Calabria
92%
Campania
92%
Friuli Venezia-Giulia
92%
Liguria
92%
Trentino Alto-Adige
92%
Tuscany
92%
Umbria
92%
Veneto
92%
Abruzzo
85%
Molise
85%
Piedmont
85%
Marche
77%

Score Distribution

Percentile by Number Answered

Percent of People with Each Score

Your Score History

You have not taken this quiz